Oldest NFL Teams - Statistics

General Stats
  • This quiz has been taken 235 times
    146 since last reset
  • The average score is 8 of 10
Answer Stats
Year Team Name % Correct
1919 Green Bay Packers
95%
1919 Chicago Bears
92%
1930 Detroit Lions
89%
1898 Arizona Cardinals
88%
1946 Cleveland Browns
88%
1925 New York Giants
88%
1933 Philadelphia Eagles
79%
1933 Pittsburgh Steelers
77%
1932 Washington Commanders
74%
1936 Los Angeles Rams
68%
No matching quizzes found
Score Distribution
Percent of People with Each Score
Percentile by Number Answered
Your Score History
You have not taken this quiz since the last reset